书目信息 |
| 题名: |
中国刑事审判指导案例
|
|
| 作者: | 南英 主编 | |
| 分册: | 5 妨害社会管理秩序罪 | |
| 出版信息: | 北京 法律出版社 2012.05 |
|
| 页数: | 13,874页 | |
| 开本: | 27cm | |
| 丛书名: | ||
| 单 册: | ||
| 中图分类: | D925.285 , D924.365 | |
| 科图分类: | ||
| 主题词: | 刑事诉讼--审判--案例--中国 , 妨害社会管理秩序罪--审判--案例--中国 , 刑事诉讼 , 审判 , 案例 , 妨害社会管理秩序罪 | |
| 电子资源: | ||
| ISBN: | 978-7-5118-3317-4 | |
| 000 | 01007nam0 2200325 450 | |
| 001 | 005492730 | |
| 005 | 20130609082303.04 | |
| 010 | @a978-7-5118-3317-4@dCNY126.00 | |
| 035 | @a(A210000LPL)012004601119 | |
| 100 | @a20120815d2012 em y0chiy50 ea | |
| 101 | 0 | @achi |
| 102 | @aCN@b110000 | |
| 105 | @ak z 000yy | |
| 106 | @ar | |
| 200 | 1 | @a中国刑事审判指导案例@9zhong guo xing shi shen pan zhi dao an li@h5@i妨害社会管理秩序罪@f南英主编 |
| 205 | @a增补版 | |
| 210 | @a北京@c法律出版社@d2012.05 | |
| 215 | @a13,874页@d27cm | |
| 330 | @a本书分指导案例,刑事立法、司法规范、审判实务释疑、专题论谈、经验交流、问题探讨、编辑部答疑、裁判文书选登等栏目。 | |
| 606 | 0 | @a刑事诉讼@x审判@x案例@y中国 |
| 606 | 0 | @a妨害社会管理秩序罪@x审判@x案例@y中国 |
| 606 | 0 | @a刑事诉讼 |
| 606 | 0 | @a审判 |
| 606 | 0 | @a案例 |
| 606 | 0 | @a妨害社会管理秩序罪 |
| 690 | @aD925.285@v5 | |
| 690 | @aD924.365@v5 | |
| 701 | 0 | @a南英@9nan ying@4主编 |
| 801 | 0 | @aCN@bNLC@c20120815 |
| 905 | @dD925.285@e399:5 | |
| 中国刑事审判指导案例.5.妨害社会管理秩序罪/南英主编.-增补版.-北京:法律出版社,2012.05 |
| 13,874页;27cm |
| ISBN 978-7-5118-3317-4:CNY126.00 |
| 本书分指导案例,刑事立法、司法规范、审判实务释疑、专题论谈、经验交流、问题探讨、编辑部答疑、裁判文书选登等栏目。 |
| ● |
| 相关链接 |
|
|
|
|
正题名:中国刑事审判指导案例
索取号:D925.285/399:5
 
预约/预借
| 序号 | 登录号 | 条形码 | 馆藏地/架位号 | 状态 | 备注 |
| 1 | 0545201 | 205452017 | 第一样本阅览室/ [索取号:D925.285/399:5] | 在馆 | |
| 2 | 0545202 | 205452026 | 第一借阅区/ [索取号:D925.285/399:5] | 在馆 | |
| 3 | 0545203 | 205452035 | 第一借阅区/ [索取号:D925.285/399:5] | 在馆 |